000 01065nam a22002177a 4500
999 _c63180
_d63180
003 Ge_BSU
005 20250619141835.0
008 250619s2025 ge ||||| |||| 00| 0 geo d
020 _a9789941385254
041 _ageo
080 _a338.22 ბ-66
245 _aბიზნესის გენია /
_cშემდგენელი ირმა ხარშილაძე; რედ.: ლ. იოსებაძე, ზ. აბაშიძე, თ. ჯანთიშვილი და სხვ.
264 _aთბილისი :
_bპალიტრა L,
_c2025.
300 _a567 გვ.:
_bილ.;
_c25 სმ.
653 _aბიზნესი
700 _aხარშილაძე, ირმა
_eშემდგენელი
_925461
700 _aიოსებაძე, ლ.
_eრედაქტორი
_925462
700 _aაბაშიძე, ზ.
_eრედაქტორი
_925463
700 _aჯანთიშვილი, თ. და სხვ.
_eრედაქტორი
_925464
942 _2udc
_cᲬᲘᲒᲜᲘ